[Event "SVK-chT1E 2122"]
[Site "Slovakia"]
[Date "2022.03.20"]
[Round "7.7"]
[White "Lukac, Roman"]
[Black "Rasamoelina, David Andrinandrasa"]
[Result "1/2-1/2"]
[WhiteElo "2056"]
[BlackElo "1505"]
[PlyCount "80"]
[EventDate "2022.01.29"]
[EventType "team-tourn"]
[EventRounds "11"]
[EventCountry "SVK"]
[SourceTitle "EXT 2023"]
[Source "ChessBase"]
[SourceDate "2022.10.05"]
[SourceVersion "1"]
[SourceVersionDate "2022.10.05"]
[SourceQuality "1"]
[WhiteTeam "Banska Bystrica Junior"]
[BlackTeam "Kosice Slavia TU"]
[WhiteTeamCountry "SVK"]
[BlackTeamCountry "SVK"]

1. e4 e5 2. Nf3 Nf6 3. Nxe5 d6 4. Nf3 Nxe4 5. d4 d5 6. Bd3 Bd6 7. c4 Bb4+ 8. Nbd2 Nxd2 9. Bxd2 Qe7+ 10. Be2 Bxd2+ 11. Qxd2 dxc4 12. 0-0 0-0 13. Rfe1 Qf6 14. Bxc4 Bg4 15. Ne5 Be6 16. Rac1 c6 17. Qb4 b5 18. Bxe6 Qxe6 19. b3 Qd5 20. Qe7 a5 21. Qb7 Ra6 22. Red1 a4 23. Rc5 Qe6 24. Rc3 axb3 25. axb3 Qc8 26. Qxc8 Rxc8 27. d5 Rd8 28. Rcd3 Rxd5 29. Rxd5 cxd5 30. f4 f6 31. Rxd5 fxe5 32. Rd8+ Kf7 33. Rxb8 exf4 34. Rxb5 Ra3 35. Kf2 Kf6 36. h4 h6 37. h5 g5 38. hxg6 Kxg6 39. Kf3 Ra2 40. Re5 Rb2 1/2-1/2